Statistieken voor Efteling Quiz

Klik hier om de quiz te nemen!

Algemene statistieken

  • Deze quiz is 163 keer genomen
    (55 sinds de laatste reset)
  • De gemiddelde score is 49 van 166

Antwoordstatistieken

HintAttractie% Correct
Achtbaan in het donkerVogel Rok
92%
Achtbaan met loopingsPython
89%
Dive coasterBaron 1898
86%
Houten achtbaanJoris en de Draak
86%
WaterachtbaanDe Vliegende Hollander
83%
Betoverend bosSprookjesbos
81%
Efteling Museum, Monorail, Volk van LaafAnton Pieckplein
78%
Authentiek Efteling-pleinAnton Pieck Plein
78%
Overdekte attractieCarnaval Festival
78%
Overdekte attractieDroomvlucht
78%
Wonderlijk museumEfteling Museum
78%
Overdekte attractieFata Morgana
78%
Ronddraaiend huisVilla Volta
78%
Zwevende tempelPagode
75%
Overdekte familie-attractieSymbolica
75%
MiniatuurwereldDiorama
72%
WildwaterbaanPiraña
72%
Ruigrijk
69%
AvontureneilandArchipel
67%
SchipschommelHalve Maen
67%
Dubbele familie-achtbaanMax en Moritz
67%
Draaiende handelsschuitjesSirocco
67%
De Pegasus
64%
4D-filmavontuurFabula
64%
TreinStoomtrein
64%
Efteling Hotel
61%
Inclusief speelbosNest!
61%
OldtimerbaanDe Oude Tufferbaan
56%
BoottochtGondoletta
56%
Het Spookslot
56%
Marerijk
56%
SpookhuisSpookslot
56%
Anderrijk
53%
Rondrit op hoogteMonorail
53%
Pinokkio
53%
Station de Oost
53%
De Bob
50%
Fantasierijk
50%
SpeelgallerijGame Gallery
50%
Bijzondere Efteling-bewonersVolk van Laaf
50%
Assepoester
47%
Hans en Grietje
47%
Pandadroom
47%
Reizenrijk
47%
DraaimolenStoomcarrousel
47%
De magische Klok
44%
Doornroosje
44%
Ezeltje strek je
44%
SpeeltuinKleuterhof
44%
Roodkapje
44%
Sneeuwwitje
44%
Sprookjesboom
44%
Vrouw Holle
44%
De Draak
42%
De Kikkerkoning
39%
Danse Macabre
36%
De zes Zwanen
36%
TraptreintjesKinderspoor
36%
De Trollenkoning
33%
Kleine Boodschap
33%
Pannenkoeken, drankenPolles Keuken
33%
De Indische Waterlelies
31%
De rode Schoentjes
31%
Het Meisje met de Zwavelstokjes
31%
SpeeltuinKindervreugd
31%
Opa Gijs
31%
ParkshowRaveleijn
31%
De Chinese nachtegaal
28%
De kleine Zeemeermin
28%
De nieuwe Kleren van de Keizer
28%
De zes Dienaren
28%
Efteling Bosrijk
28%
Het bruidskleed van Genoveva
28%
Klein Duimpje
28%
Monsieur Cannibale
28%
Raponsje
28%
Station Marerijk
28%
De Wolf en de zeven Geitjes
25%
Het Kabouterdorp
25%
Villa Volta, Droomvlucht, Raveleijn, StoomtreinTon van de Venplein
25%
Wagen Gijs
25%
Plaatgebak, plaatbrood, broodpizza en diverse drankenBäckerei Krümel
22%
SymbolicaHartenhof
22%
Belegde broodjes, warme maaltijden, warme en koude dranken en gebakHet Witte Paard
22%
Inca Gijs
22%
Kapitein Gijs
22%
Moeder Gijs
22%
Repelsteeltje
22%
Aziatische gerechten, warme- en koude drankenToko Pagode
22%
Efteling Loonsche Land
19%
Polka Marina
19%
De Magische Klok, Assepoester, de Kikkerkoning, de Zes Zwanen, het Bruidskleed van Genoveva, Sneeuwwitje, Ezeltje Strek Je, Kleine Boodschap, Vrouw HolleHerautenplein
17%
Het Avonturendoolhof
17%
Matroos Gijs
17%
Carnaval Festival, Vogel Rok, Archipel en SiroccoCarnaval Festivalplein
14%
De Tuinman en de Fakir
14%
Fata MorganaFata Morganaplein
14%
Het stoute Prinsesje
14%
Nijltje in het Teiltje / Hippo Gijs
14%
Oompje Gijs
14%
PirañaPirañaplein
14%
Friet, snacks, frisdrank en ijsSmulpaap
14%
Snack, tussendoor (Meerdere locaties)Eigenheymer
11%
Geeuwende Gijs
11%
Broodjes, salades, wraps, zoete en hartige lekkernijen en diverse drankenIn den Swarte Kat
11%
Belegde broodjes, salades, warme maaltijdenRestaurant Kashba
11%
Speeltuin Gijs
11%
Poffertjes, warme- en koude dranken't Poffertje
11%
Warme en koude dranken, gebak't Verwende Nest!
11%
Lunch, tussendoor (Meerdere locaties)Unoxkraam
11%
Viegende HollanderVliegende Hollanderplein
11%
Baby Gijsje
8%
HamburgersBurger Backery
8%
Koffie, lekkernijen, maaltijdboxen en saladesFabula Restaurant
8%
Bourgondisch driegangenmenuHet Wapen van Raveleijn
8%
Tosti's, fruit en sappenIn de Gelaarsde Kat
8%
Döner kebab, turkse pizza en softijsOase
8%
Station Sprookjesbos
8%
Broodje gehaktbal en koude dranken't Gebraad
8%
Nacho, panini en fruitCasa Caracol
6%
GrillburgersDe Likkebaerd
6%
Verse wafels, schepijs, warme en koude drankenDen Suykerbuyk
6%
Zuurstokken, schepsnoep en bonbonsDe Soete Inval
6%
Zuurstokken, schepsnoep, bonbons en Jelly BeansDe Verleiding
6%
Frites, kip en (vegetarische) snacksFrau Boltes Küche
6%
Warme dranken en softijsIn den Hoorn des Overvloeds
6%
Warme- en koude dranken, zoete- en hartige lekkernijenKleyne Klaroen
6%
Max & MoritzSteenbokplein
6%
Churros en Milkshakes't Melkhuysje
6%
Verfrissende mocktailsZomer Gaarde
6%
Broodje curryworst en diverse koude drankenCurryworst-chalet
3%
SoftijsDame Blanche
3%
Warme en koude dranken, zoete lekkernijenDe Gebrande Boon
3%
Appelflap, sundae, softijs, warme- en koude drankenDe Kombuys
3%
VisspecialiteitenDe Meermin
3%
Lunch, tussendoor, veganistischDe Smaeckmaker
3%
Chocomel en Fristi frozen, verpakt ijs en koude drankenDe Verkleumde Kompel
3%
Coca-Cola Freestyle-automaatD'n Dorstlesser
3%
Een tijdelijk Efteling-sprookjeEfteling Wonderland
3%
Koude drankenFata Morganaplein Chalet
3%
SoftijsGlad IJs
3%
Popcorn en suikerspin, ijs, warme en koude drankenHet Seylend Fregat
3%
Oliebollen, popcorn, suikerspinHollandsche Gebakkraam
3%
Stroopwafels, koude en warme drankenKogeloog
3%
Pizza en pastaPinokkio's pizza & pasta restaurant
3%
Corona, Mojito, nacho'sPiraña Bar
3%
Verse donuts, warme en koude drankenRondje van de Molen
3%
Lunch, tussendoor, vegetarisch, koude drankenRuigrijk Chalet
3%
Döner kebab, Turkse pizza en frisdrankenStation de Oost: De Brutale Aap
3%
Friet, snacks, frisdrankStation de Oost: De Hongerige Machinist
3%
Broodjes, salades, snacks, dranken, ijsStation de Oost: De Rustende Reiziger
3%
Broodjes en saladesStation de Oost: De Verse Oogst
3%
Warme- en koude dranken, zoete lekkernijenStation de Oost: Wachtruimte 1e klas
3%
Warme- en koude dranken, frisdrank, koek en snoep't Korfje
3%
Suikerspin, popcorn't Suyker Huys
3%
Circus Balancé
0%
De Grote Speeltuin
0%
Broodjes, tosti's, salades, fruit en sapjesDe Gulden Gaarde
0%
Belegde broodjes, salades, warme maaltijden, kindersmulmenu, warme- en koude dranken en gebakDe Vrolijke Noot
0%
Swirl ijs en softijsHappiness Station Het Witte Paard
0%
Belegde broodjes, warme maaltijden en warme- en koude drankenPanorama à la carte
0%
Warme- en koude dranken, zoete en hartige lekkernijenPanorama kiosk
0%
Belegde broodjes, warme maaltijden en warme- en koude drankenPanorama self-service
0%
Attractie voor bezoekers met een beperkingVirtuele Droomvlucht
0%

Scoreverdeling

Percentiel versus Aantal Correcte Antwoorden

Procent van Mensen met Elke Score

Uw Scoregeschiedenis

U heeft deze quiz nog niet genomen sinds de laatste reset